| 000 | 01442nam0a2200361 4500 | ||
|---|---|---|---|
| 001 | RU\NLR\bibl\1464912 | ||
| 005 | 20260406104351.0 | ||
| 010 |
_a978-5-91282-015-1 _910000 |
||
| 021 |
_aRU _b2009-93660 _95928 |
||
| 035 | _a(nilc)RSL-KNO-004416639 | ||
| 035 | _a(NLR Aleph) 001456651 | ||
| 090 |
_a1556986 _c1556986 |
||
| 100 | _a20091120d2008 |||y0rusy50 ca | ||
| 101 | 0 | _arus | |
| 102 | _aRU | ||
| 105 | _aa zzzz||||| | ||
| 200 | 1 |
_aМаша и медведь _e[сказка, стихи _eдля чтения взрослыми детям _fЕ. С. Аксаментова _gхудож.: Е. Целуева, С. Фоменко] |
|
| 210 |
_a[Ростов-на-Дону] _cЛеда _d2008 _eРостов н/Д _gРОНИиС-ПАК |
||
| 215 |
_a[15] с. _cцв. ил. _d20 |
||
| 225 | 1 |
_aМоя первая книжка _eв 60 тт. _vт. 16 |
|
| 225 | 1 | _aРадуга | |
| 300 | _aАвт. указан перед вып. дан. | ||
| 686 |
_aШ9(2)6=Р70я44 _2rubbk |
||
| 700 | 1 |
_aАксаментова _bЕ. С. _4070 |
|
| 702 | 1 |
_4440 _8rus _7ca _aЦелуева _bЕ. _cхудожник-иллюстратор _gЕлена _3RU\NLR\AUTH\7795343 _978269 |
|
| 702 | 1 |
_4040 _8rus _7ca _aФоменко _bС. _cхудожник _3RU\NLR\AUTH\7798042 _980968 |
|
| 801 | 0 |
_aRU _bРГБ _c20091120 _grcr |
|
| 801 | 1 |
_aRU _bРГБ _c20091120 |
|
| 801 | 2 |
_aRU _bNLR _c20100127 _grcr |
|
| 942 | _cBOOK | ||
| 980 | _aNB | ||